Statistics for Songs About Friendship

Click here to take the quiz!

General Stats

  • This quiz has been taken 16 times
  • The average score is 4 of 18

Answer Stats

Artist or Hint Song % Correct
By The Spice GirlsWannabe
67%
By The Jackson 5I'll Be There
50%
By Cher LloydOath
50%
Toy StoryYou Got a Friend in Me
42%
FriendsI'll Be There For You
33%
By Bill WithersLean On Me
25%
By WarWhy Can't We Be Friends?
17%
By Harry NilssonBest Friend
17%
ByRihannaUmbrella
17%
By Simon & GarfunkelBridge Over Troubled Water
17%
By Bruno MarsCount on Me
17%
By QueenYou're My Best Friend
8%
By The BeatlesWith a Little Help From My Friends
8%
By Jason MrazSong For a Friend
0%
By The PretendersI'll Stand By You
0%
By Andrew GoldThank You For Being a Friend
0%
By The White StripesWe're Going to be Friends
0%
By Mariah CareyAnytime You Need A Friend
0%

Score Distribution

Percentile by Number Answered

Percent of People with Each Score

Your Score History

You have not taken this quiz